| 000 | 00416nam a2200121Ia 4500 | ||
|---|---|---|---|
| 008 | 220620s9999||||xx |||||||||||||| ||und|| | ||
| 100 | _aCattani, Adelino||Mastroianni, Bruno | ||
| 245 | 0 | _aChapter Introduzione | |
| 546 | _aEnglish[eng] | ||
| 650 | _aArgumentation Theory||Debate||Rhetoric||Education||Deliberative debate | ||
| 856 | _uhttps://library.oapen.org/bitstream/20.500.12657/56404/1/26127.pdf | ||
| 942 | _cEB | ||
| 999 |
_c24030 _d24030 |
||